000 01197cab a2200289 4500
001 ABS59144
008 090401t1998 xxu||||| |||| 00| 0 eng d
035 _a(Sirsi) u87971
041 _aeng
100 _aPerera, E.
245 _aRetrofitting natural ventilation systems in UK office buildings
260 _c1998
350 _a0
490 _aBuilding Services Journal
_vAugust 1998, 37-38(2)
520 _aReports on the Government-funded study by the Building Research Establishment into ways in which energy consumption for air conditioning systems can be improved. Specifically, the suitability and effectiveness of natural and low energy ventilation strategies for incorporation in office buildings during refurbishment.
650 _aBUILT ENVIRONMENT-BUILDING ELEMENTS-COMPLETE BUILDING SERVICES ELEMENTS-COMPLETE HEATING, VENTILATION AND AIR CONDITIONING SYSTEMS
650 _aCARBON DIOXIDE REDUCTION
650 _aLOW ENERGY
650 _aNATURAL ENERGY
650 _aOFFICE SECTOR
650 _aRefurbishment
_96264
650 _aVENTILATION SYSTEMS
690 _aBUILDING AND CONSTRUCTION-ENERGY
700 _aRobinson, P.
942 _n0
948 _c12/08/1998
999 _c55529
_d55529